Yathrakalum ormmakalum (Record no. 83010)

MARC details
000 -LEADER
fixed length control field 00458nam a22001697a 4500
005 - DATE AND TIME OF LATEST TRANSACTION
control field 20150724170908.0
008 - FIXED-LENGTH DATA ELEMENTS--GENERAL INFORMATION
fixed length control field 150724b xxu||||| |||| 00| 0 eng d
020 ## - INTERNATIONAL STANDARD BOOK NUMBER
International Standard Book Number 9780000196828
080 ## - UNIVERSAL DECIMAL CLASSIFICATION NUMBER
Universal Decimal Classification number 89M-992
Item number UNN
100 ## - MAIN ENTRY--PERSONAL NAME
Personal name Unnikrishnan, K. G.
245 ## - TITLE STATEMENT
Title Yathrakalum ormmakalum
260 ## - PUBLICATION, DISTRIBUTION, ETC. (IMPRINT)
Place of publication, distribution, etc Kottayam
Name of publisher, distributor, etc National Book Stall
Date of publication, distribution, etc 2014
300 ## - PHYSICAL DESCRIPTION
Extent 170p.
653 ## - INDEX TERM--UNCONTROLLED
Uncontrolled term Malayalam literature - Travelogue - America
653 ## - INDEX TERM--UNCONTROLLED
Uncontrolled term Memoirs - Travel
942 ## - ADDED ENTRY ELEMENTS (KOHA)
item type Books
Holdings
Lost status Source of classification or shelving scheme Not for loan Home library Current library Date acquired Total Checkouts Full call number Barcode Date last seen Date checked out Price effective from Koha item type
  Universal Decimal Classification   University Library University Library 24/07/2015 2 89M-992 UNN G0010146 20/08/2016 29/06/2016 24/07/2015 Books
University Library, CUSAT